000
00442nam a2200145Ia 4500
008
100122s9999 xx 000 0 und d
082
_b
41356
_a
927.92
100
_a
गडकर जयश्री
245
_a
अशी मी जयश्री
260
_b
रोहन प्रकाशन
_c
1987
300
_a
223
630
_a
अशी मी जयश्री
730
_a
अशी मी जयश्री
942
_c
BOOK
999
_c
422011
_d
422008